Správa dane nechce byť pre podnikateľov strašiakom

Z diskusie na 23. riadnom zhromaždení HNclubu o daňovej správe 23. 5. 1997 v Bratislave. Reakcie diskutujúcich (A. F. Zvrškovec, J. Sabol) na vystúpenie riaditeľa Ústredného daňového riaditeľstva SR Ing. Š. Jágerského.

Saved in:
Bibliographic Details
Main Author: Zvrškovec, A.F
Other Authors: Jágerský, Š., Sabol, J.
Format: Book Chapter
Language:Slovak
Subjects:
Tags: Add Tag
No Tags, Be the first to tag this record!

MARC

LEADER 00000naa a2200000 4500
001 r026366
005 20230824090241.7
041 0 |a slo 
044 |a SK 
245 1 0 |a Správa dane nechce byť pre podnikateľov strašiakom  |c A.F. Zvrškovec, Š. Jágerský, J. Sabol 
520 |a Z diskusie na 23. riadnom zhromaždení HNclubu o daňovej správe 23. 5. 1997 v Bratislave. Reakcie diskutujúcich (A. F. Zvrškovec, J. Sabol) na vystúpenie riaditeľa Ústredného daňového riaditeľstva SR Ing. Š. Jágerského. 
610 2 0 |a Slovensko 
610 2 0 |a máj 
610 2 0 |a 1997 
610 2 0 |a dane 
610 2 0 |a podnikatelia 
610 2 0 |a HNclub 
610 2 0 |a diskusia 
100 1 |a Zvrškovec, A.F. 
700 1 |a Jágerský, Š. 
700 1 |a Sabol, J.